Statistiken für Friedrich Schiller - Das Lied von der Glocke

Klicken Sie hier um das Quiz zu spielen!

Allgemein

  • Dieses Quiz wurde 15 mal gespielt
  • Das Durchschnittsergebnis liegt bei 29 aus 2041

Antwortstatistiken

rowcolAntwort% Korrekt
00Fest
100%
03der
90%
11die
90%
04Erden
90%
01gemauert
90%
02in
90%
10Steht
90%
13aus
80%
12Form,
80%
22die
70%
15gebrannt.
70%
23Glocke
70%
20Heute
70%
14Lehm
70%
24werden.
70%
41der
60%
30Frisch
60%
34Hand.
60%
21muß
60%
42Stirne
60%
40Von
60%
33zur
60%
61das
50%
63den
50%
71der
50%
52der
50%
70Doch
50%
31Gesellen,
50%
43heiß
50%
73kommt
50%
65loben,
50%
64Meister
50%
51muß
50%
75oben.
50%
50Rinnen
50%
53Schweiß,
50%
72Segen
50%
32seid
50%
60Soll
50%
74von
50%
62Werk
50%
92das
20%
91Werke,
20%
93wir
20%
90Zum
20%
123Arbeit
10%
114begleiten,
10%
95bereiten,
10%
120Dann
10%
122die
10%
103ein
10%
94ernst
10%
104ernstes
10%
121fließt
10%
125fort.
10%
100Geziemt
10%
111gute
10%
124munter
10%
112Reden
10%
101sich
10%
113sie
10%
110Wenn
10%
102wohl
10%
105Wort
10%
3512Abends
0%
3571Absicht
0%
2730Ach!
0%
2660Ach!
0%
2650Ach!
0%
1040Ach!
0%
2450Ach!
0%
3331alle
0%
3961alle
0%
3981alle
0%
4181alle,
0%
715allein,
0%
2871aller
0%
4451alles
0%
2000Alles
0%
2111als
0%
643am
0%
2712an
0%
2790An
0%
4292an
0%
3590An
0%
3822an
0%
412an
0%
384Andacht
0%
3852anstimmt
0%
3380Arbeit
0%
2833Arbeit
0%
564Arm
0%
2683Arm
0%
462Aschensalz
0%
4061äschert
0%
2344auch
0%
4140Auch
0%
1051auch
0%
2411auch
0%
480Auch
0%
1891auf!
0%
2742auf
0%
331auf
0%
1701auf
0%
3040Auf
0%
1902auf!
0%
764auf
0%
2632auf
0%
550Auf
0%
3624auferstehen,
0%
2394aufgenommen,
0%
3831Aufruhr,
0%
801Auge
0%
3584Auge
0%
3172Auge
0%
722Augen
0%
3724aus
0%
3712aus
0%
1942aus
0%
673aus
0%
4484aus
0%
2681aus
0%
1780Aus
0%
2554aus
0%
720Aus
0%
1810Aus
0%
2690Aus
0%
1593aus!
0%
4100Aus
0%
1953Balken
0%
3274Bande
0%
3962Bande
0%
2734bande
0%
2592bang,
0%
3223Bau
0%
2104Bäume,
0%
1434Bäume
0%
325baut,
0%
162bedacht,
0%
3121bedecket
0%
4533bedeute,
0%
471befördert
0%
3755befrein,
0%
3685befreit!
0%
1555beginnen,
0%
565beginnt
0%
4400Begleite
0%
2621begleiten
0%
755beglückt,
0%
3224begründet,
0%
540Begrüßt
0%
4333bekränzte
0%
2533bergen
0%
4245Beruf,
0%
4370Berühr
0%
4445bestehet,
0%
1580Betet
0%
136betrachten,
0%
374Betrübten
0%
2233Bette,
0%
1571bevor
0%
600Bewachen
0%
1655bewacht,
0%
1601bewahr
0%
3323Bewegen
0%
4521bewegt
0%
1463bewegte
0%
2191bewundernd
0%
1654bezähmt,
0%
3370Bietet
0%
3593Bild.
0%
4153Bilder.
0%
1663bildet,
0%
3215bindet,
0%
975bindet,
0%
2820Bis
0%
3610Bis
0%
4103blank
0%
441Blasen
0%
4273blauen
0%
1093bleiben,
0%
2291Blick
0%
1405Blick
0%
825bliebe,
0%
3690Blindwütend
0%
2940Blökend
0%
2702blühend
0%
1422blühendes
0%
1101Blume
0%
1852Blut
0%
1614Bogen
0%
2045Bogen
0%
3162Bösen
0%
3976Bösen,
0%
1753Brand!
0%
3541Brande
0%
855bräunen!
0%
2073brausend
0%
1003Bräute
0%
723brechen
0%
263Brei,
0%
2970Breitgestirnte,
0%
403bringt,
0%
1564Bruch.
0%
733Brüder
0%
2981brüllend,
0%
2715Brust
0%
3314Bund,
0%
1523Bund
0%
3030Bunt
0%
3143Bürger
0%
3882Bürger
0%
3383Bürgers
0%
385Chor.
0%
4200Concordia
0%
700Da
0%
3740Da
0%
340Da
0%
960Da
0%
3760Da
0%
3820Da
0%
1190Da
0%
313Dammes
0%
1900Dampf
0%
1671dankt
0%
2332dann
0%
911das
0%
942das
0%
812das
0%
902das
0%
3563das
0%
1216das
0%
542das
0%
3702das
0%
2251das
0%
760Das
0%
3680Das
0%
4020Das
0%
3910Das
0%
410Das
0%
3800Das
0%
1670Das
0%
170Das
0%
3202das
0%
1770Das
0%
400Das
0%
3171das
0%
982das
0%
271das
0%
800Das
0%
3111das
0%
3271das
0%
3061das
0%
1840Das
0%
1602das
0%
4332das
0%
1531das
0%
1180Das
0%
1870Das
0%
4493das
0%
470Das
0%
2512daß
0%
2420Daß
0%
4490Daß
0%
190Daß
0%
280Daß
0%
4190Daß
0%
240Daß
0%
2552daß
0%
3832daß
0%
4450Daß
0%
500Daß
0%
821daß
0%
4443daß
0%
3580Daß
0%
351dauern
0%
181dazu
0%
1214dehnt
0%
945dem
0%
1064dem
0%
914dem
0%
3975dem
0%
3784dem
0%
2682dem
0%
393dem
0%
4033dem
0%
1061dem
0%
4380Dem
0%
3371dem
0%
252dem
0%
4121dem
0%
2633dem
0%
2581dem
0%
2480Dem
0%
373dem
0%
3591dem
0%
3233den
0%
174den
0%
3992den
0%
3041den
0%
1591den
0%
3281den
0%
4363den
0%
3141den
0%
3973den
0%
3241den
0%
3161den
0%
3401den
0%
1052den
0%
3510Den
0%
1751den
0%
150Den
0%
4183den
0%
560Den
0%
2241den
0%
473den
0%
765den
0%
1282den
0%
2555den
0%
3601den
0%
1312den
0%
1346den
0%
1363den
0%
803den
0%
1374den
0%
4151den
0%
1377den
0%
2301den
0%
4031denen,
0%
940Denn
0%
530Denn
0%
2750Denn
0%
3170Denn
0%
2770Denn
0%
1760Denn
0%
1120Der
0%
990Der
0%
1482der
0%
1011der
0%
1071der
0%
1553der
0%
1441der
0%
1431der
0%
1002der
0%
1401der
0%
1563der
0%
1242der
0%
1203der
0%
4311der
0%
1652der
0%
3531der
0%
2924der
0%
2931der
0%
2961der
0%
3011der
0%
3051der
0%
3064der
0%
3221der
0%
3252der
0%
3273der
0%
4422der
0%
3351der
0%
3392der
0%
3412der
0%
3501der
0%
3534der
0%
2861der
0%
3611der
0%
3650Der
0%
3786der
0%
3790Der
0%
3823der
0%
3830Der
0%
3880Der
0%
3970Der
0%
4011der
0%
4013der
0%
4022der
0%
4101der
0%
4112der
0%
4251der
0%
2881der
0%
2843der
0%
1692der
0%
2101der
0%
1702der
0%
1713der
0%
1772der
0%
1781der
0%
1791der
0%
1801der
0%
1811der
0%
1821der
0%
1861der
0%
1921der
0%
2021der
0%
2041der
0%
2062der
0%
2070Der
0%
4485der
0%
4430Der
0%
2123der
0%
2171der
0%
2173der
0%
2322der
0%
2431der
0%
2483der
0%
2492der
0%
2501der
0%
2543der
0%
4472der
0%
2671der
0%
2674der
0%
2691der
0%
2713der
0%
833der
0%
3472der
0%
625der
0%
790Der
0%
160Der
0%
663der
0%
184der
0%
590Der
0%
383der
0%
292der
0%
732der
0%
532der
0%
3942des
0%
261des
0%
2093des
0%
2684des
0%
2143des
0%
4141des
0%
2261des
0%
4040Des
0%
2523des
0%
2761des
0%
3933des
0%
3091des
0%
4282des
0%
3692des
0%
4002des
0%
3382des
0%
3481des
0%
312des
0%
3173des
0%
1032des
0%
1491des
0%
1502des
0%
4495des
0%
1461des
0%
1512des
0%
4474des
0%
710Des
0%
1612des
0%
1642des
0%
1411des
0%
4410Des
0%
1041des
0%
2731des
0%
3511des
0%
332des
0%
1873des
0%
2951die
0%
1090Die
0%
1100Die
0%
491die
0%
2760Die
0%
3160Die
0%
2801die
0%
2821die
0%
2831die
0%
3131die
0%
1193die
0%
420Die
0%
3230Die
0%
3201die
0%
451Die
0%
2990Die
0%
1080Die
0%
1110Die
0%
413die
0%
3102die
0%
3220Die
0%
3151die
0%
830Die
0%
2700Die
0%
1912die
0%
1343die
0%
2071die
0%
2031die
0%
2012die
0%
1360Die
0%
1951die
0%
641die
0%
1334die
0%
1761die
0%
1741die
0%
1710Die
0%
2710Die
0%
1683die
0%
692die
0%
1451die
0%
2082die
0%
2221die
0%
513die
0%
1230Die
0%
2670Die
0%
2663die
0%
2654die
0%
1210Die
0%
2651die
0%
2601die
0%
1240Die
0%
610Die
0%
2441die
0%
583die
0%
2402die
0%
1272die
0%
2391die
0%
2362die
0%
1300Die
0%
580Die
0%
2883die
0%
281die
0%
3752die
0%
3621die
0%
3631die
0%
3653die
0%
142die
0%
994die
0%
4280Die
0%
4384die
0%
4222die
0%
4374die
0%
4293die
0%
3762die
0%
3894die
0%
3850Die
0%
4320Die
0%
241die
0%
320Die
0%
3890Die
0%
1021die
0%
4192die
0%
853die
0%
4032die
0%
4502die
0%
4481die
0%
4241dies
0%
1673dieser
0%
3462dieser
0%
4531dieser
0%
3490Dieses
0%
860Dieses
0%
4344Dingen
0%
1510Doch
0%
1680Doch
0%
1570Doch
0%
3140Doch
0%
230Doch
0%
3670Doch
0%
2582Dome,
0%
4283Donners
0%
3693Donners
0%
3532Dörfer,
0%
1341dreht
0%
1221drinnen
0%
970Drum
0%
1335duftenden
0%
2481dukeln
0%
1740Durch
0%
141durch
0%
2020Durch
0%
1920Durch
0%
463durchdringen,
0%
640Durchmißt
0%
3493durchtoben,
0%
2083dürre
0%
2103dürre
0%
4105eben,
0%
3410Ehret
0%
3400Ehrt
0%
3811Eigenhilfe
0%
1703eignen
0%
2042Eimer,
0%
2350Ein
0%
4065ein.
0%
4092ein
0%
671ein
0%
702ein
0%
864ein,
0%
4301eine
0%
963einen
0%
2630Einen
0%
2290Einen
0%
1581einen
0%
242eingepreßte
0%
1700Einhertritt
0%
3441Eintracht,
0%
4211Eintracht,
0%
3250Eintrat
0%
1762Elemente
0%
1293Ende
0%
1050Endigt
0%
2514entkeimen
0%
1695entrafft,
0%
3923Entsetzen
0%
145entspringt,
0%
1074entzwei.
0%
713er
0%
763er
0%
164er
0%
771er
0%
730Er
0%
2360Er
0%
191er
0%
2182er
0%
2553er
0%
201er
0%
630Er
0%
1662er
0%
1665er
0%
691er
0%
1672er
0%
652er
0%
742er
0%
422erbaulich
0%
2560Erblühen
0%
2392Erd
0%
2544Erde
0%
1483Erde
0%
2485Erde
0%
2124Erde
0%
3132Erde,
0%
4263Erdenleben
0%
394Erdensohne
0%
4152erfahrnen
0%
3573erfüllt,
0%
1183erjagen.
0%
1160Erlisten,
0%
2620Ernst
0%
4343ernsten
0%
1161erraffen,
0%
740Errötend
0%
202erschafft
0%
4434erschallt,
0%
873erscheinen,
0%
3474erscheinen,
0%
4254erschuf!
0%
4543erst
0%
553erstem
0%
791ersten
0%
3682Erz
0%
1931es
0%
3721es
0%
342es
0%
1200Es
0%
3701es
0%
2661es
0%
1213es
0%
234es
0%
3954es
0%
2421es
0%
962es
0%
561es
0%
421es
0%
810Es
0%
2771es
0%
1522ewger
0%
823ewig
0%
974ewig
0%
4034Ewigblinden
0%
4341ewigen
0%
1347Faden,
0%
2090Fällt
0%
3032Farben
0%
701faßt
0%
2373fehlt
0%
2772fehlt
0%
1044Feier
0%
534Feierklange
0%
3943Feindes
0%
1131feindliche
0%
1962Fenster
0%
2243Fensterhöhlen
0%
2920Fern
0%
1693Fessel
0%
1480Fest,
0%
1033Festes
0%
1622feuerbraunen
0%
323Feuers
0%
1643Feuers
0%
2341Feuers
0%
1913Feuersäule,
0%
3791Feuerzunder
0%
3322feurigem
0%
223Fichtenstamme,
0%
986findet!
0%
1910Flackernd
0%
2072Flamme
0%
3094Flamme
0%
243Flamme
0%
3674Flammenbächen
0%
1525flechten,
0%
2422Fleiß
0%
3414Fleiß.
0%
135Fleiß
0%
3301fleißge
0%
1301fleißigen
0%
2040Fliegt
0%
3070Fliegt
0%
612fliehen
0%
1082flieht!
0%
731flieht
0%
290Fließe
0%
2133Flucht,
0%
2003flüchtet,
0%
4372Fluge
0%
766Fluren,
0%
455Fluß.
0%
741folgt
0%
2911fördert
0%
3654Form
0%
2442Form
0%
2403Form
0%
3632Form
0%
2923Forst
0%
1932fort
0%
2122fort
0%
4243fortan
0%
3210Frei
0%
3984frei.
0%
1711freie
0%
3352Freiheit
0%
3870Freiheit
0%
650Fremd
0%
2802Fremde,
0%
533Freude
0%
4530Freude
0%
4080Freude
0%
3214freudig
0%
3460Freundlich
0%
3361freut
0%
3431Friede,
0%
4540Friede
0%
3844Friedensklängen,
0%
892frisch!
0%
1404frohem
0%
2331fröhlich
0%
1582frommen
0%
3963frommer
0%
1111Frucht
0%
2084Frucht
0%
1371füget
0%
4331führen
0%
3892füllen
0%
2993füllend.
0%
1331füllet
0%
1201füllt
0%
1681furchtbar
0%
2673Fürst
0%
1195Gabe,
0%
554Gange,
0%
3042Garben
0%
1743Gassen
0%
2685Gatten,
0%
2652Gattin
0%
2704gebar,
0%
3564Gebäude,
0%
3744Gebild
0%
672Gebild
0%
1771Gebild
0%
2355geblieben,
0%
1455gebogen,
0%
3703geborstne
0%
3765gedeihn.
0%
3990Gefährlich
0%
3234Gefilden
0%
2064geflogen,
0%
2404gefüllt,
0%
1443gefüllte
0%
4084gegeben!
0%
1490Gegen
0%
1354geglätteten
0%
3793gehäuft,
0%
3635gehen.
0%
4544Geläute.
0%
2014gelichtet,
0%
543geliebte
0%
2741gelöst
0%
4224Gemeine.
0%
903Gemisch,
0%
2345geraubt,
0%
1513Geschickes
0%
3344Geselle
0%
891Gesellen,
0%
4180Gesellen
0%
3093gesellge
0%
3174Gesetzes
0%
3745gestalten,
0%
4312Gestirne
0%
2464getroffen.
0%
1881Getümmel
0%
3854Gewalt.
0%
2132gewaltger
0%
4354geweiht,
0%
3842geweiht
0%
1313Gewinn
0%
3261gewöhnt
0%
2991gewohnten
0%
1561gezacket
0%
961gibt
0%
1414Giebel
0%
1375Glanz
0%
1034Glanz.
0%
2971glatte
0%
3203Gleiche
0%
3872Gleichheit!
0%
4482Glock
0%
3622Glock
0%
2822Glocke
0%
4193Glocke
0%
2602Glocke
0%
3824Glocken
0%
283Glockenspeise
0%
334Glockenstube
0%
1423Glück,
0%
1181Glück
0%
2400Glücklich
0%
1950Glühn
0%
3681glühnde
0%
1875Glut!
0%
793goldne
0%
602goldnen
0%
4093goldner
0%
4083Gott
0%
1600Gott
0%
2174Götterstärke,
0%
2302Grabe
0%
2610Grabgesang.
0%
3163gräßlich
0%
2252Grauen,
0%
3813greift!
0%
2330Greift
0%
3883greift
0%
4291grenzen
0%
315Grube
0%
4486Gruft,
0%
1484Grund,
0%
824grünen
0%
754Gruß
0%
1062Gürtel,
0%
1554Guß
0%
2432Guß
0%
474Guß.
0%
882Gusse
0%
3971Gute
0%
923guten
0%
1373Guten
0%
964guten
0%
2853gütlich
0%
1207Habe,
0%
2311Habe
0%
3895Hallen,
0%
3602Hammer,
0%
321Hand
0%
205Hand.
0%
3662Hand,
0%
2022Hände
0%
1302Hände,
0%
2493Hände
0%
3413Hände
0%
3302Hände
0%
1763hassen
0%
4081hat
0%
2460Hat
0%
3572hat's
0%
2376Haupt.
0%
2363Haupter
0%
3704Haus,
0%
1603Haus!
0%
1217Haus.
0%
3103Hausbewohner,
0%
1503Hauses
0%
2732Hauses
0%
1412Hauses
0%
2762Hauses
0%
1232Hausfrau,
0%
1261häuslichen
0%
4512hebt!
0%
3190Heilge
0%
3353heilgem
0%
2484heilgen
0%
3951Heiliges
0%
653heim
0%
2950Heim
0%
2933Heimathütte.
0%
584heitern
0%
3310helfen
0%
4313helle
0%
1022hellen
0%
4122Helm
0%
1613Henkels
0%
1192herbei
0%
273herbei,
0%
3231herein
0%
4171herein!
0%
4170Herein!
0%
3001herein
0%
661herrlich,
0%
1251herrschet
0%
712Herz,
0%
813Herz
0%
983Herz
0%
3944Herz.
0%
3582Herz
0%
985Herzen
0%
194Herzen
0%
4213herzinnigem
0%
4391herzlos,
0%
3834heulend
0%
2060Heulend
0%
3502Himmel,
0%
804Himmel
0%
1862Himmel,
0%
2524Himmels
0%
2262Himmels
0%
2144Himmels
0%
4042Himmelsfackel
0%
674Himmelshöhn,
0%
1684Himmelskraft,
0%
1674Himmelskraft,
0%
4503Himmelsluft.
0%
3200Himmelstochter,
0%
4274Himmelszelt
0%
635hinaus,
0%
1123hinaus
0%
2271hinein.
0%
254hinein.
0%
330Hoch
0%
4260Hoch
0%
1833hoch
0%
2043hoch
0%
2270Hoch
0%
2454hoffen,
0%
784Hoffen,
0%
2551hoffen,
0%
2160Hoffnungslos
0%
2511hofft,
0%
2145Höhen
0%
3430Holder
0%
3714Höllenrachen
0%
221Holz
0%
3484Horden
0%
1830Hört
0%
3873hört
0%
2880Hört
0%
324Hülfe
0%
4102Hülse,
0%
3254Hütten,
0%
3914Hyänen
0%
863ich
0%
443ich
0%
570Ihm
0%
2354ihm
0%
2343ihm
0%
2372ihm
0%
4052ihm
0%
183ihm
0%
2703ihm
0%
4542ihr
0%
4202ihr
0%
4244ihr
0%
4351ihr
0%
4433ihr
0%
2773ihr
0%
2622ihre
0%
2780Ihre
0%
4403ihrem
0%
753ihrem
0%
743ihren
0%
4321ihren
0%
1831ihr's
0%
2114im
0%
454im
0%
1352im
0%
2753im
0%
4371im
0%
1260Im
0%
4424im
0%
4272im
0%
2841im
0%
573im
0%
2921im
0%
2044im
0%
192im
0%
2893immer
0%
2743immerdar,
0%
1611in
0%
4024in
0%
4501in
0%
3783in
0%
662in
0%
3321in
0%
2092in
0%
2142in
0%
3350In
0%
1001in
0%
3673in
0%
2542in
0%
3633in
0%
814in
0%
4492in
0%
311in
0%
2081in
0%
3251in
0%
2100In
0%
353in
0%
562in
0%
2240In
0%
2390In
0%
2131in
0%
3312in
0%
2452indem
0%
193innern
0%
632ins
0%
1130Ins
0%
654ins
0%
4452Irdische
0%
1973irren,
0%
714irrt
0%
2353ist
0%
2401ist
0%
4001ist
0%
1562ist
0%
1641ist
0%
2662ist
0%
4021ist
0%
3952ist
0%
992ist
0%
2220Ist
0%
3391ist
0%
1871ist
0%
1860Ist
0%
996ist
0%
3381ist
0%
1841ist
0%
1520Ist
0%
2011ist
0%
751ist
0%
171ist's
0%
2653ist's,
0%
2393ist's
0%
3991ist's,
0%
172ja,
0%
4334Jahr.
0%
611Jahre
0%
1971jammern,
0%
2852jeder
0%
3360Jeder
0%
4010Jedoch
0%
4470Jetzo
0%
133jetzt
0%
890Jetzt,
0%
664Jugend
0%
3062junge
0%
834jungen
0%
693Jungfrau
0%
1012jungfräuliche
0%
711Jünglings
0%
4055kann
0%
1552kann
0%
3761kann
0%
3652kann
0%
3741kann
0%
651kehrt
0%
1521kein
0%
2374kein
0%
3743kein
0%
4114Kern.
0%
2024Kette
0%
3804Kette,
0%
544Kind
0%
1243Kinder,
0%
1970Kinder
0%
2693Kinder
0%
1023Kirchenglocken
0%
375klagen
0%
965Klang.
0%
4423Klang
0%
4496Klanges
0%
1963klirren,
0%
626Knabe,
0%
1283Knaben,
0%
3115knarrend.
0%
1940Kochend
0%
260Kocht
0%
2414kommen,
0%
2980Kommen
0%
2061kommt
0%
3402König
0%
3020Kornbeladen,
0%
1462Kornes
0%
1206köstlicher
0%
2531köstlicheren
0%
1954krachen,
0%
3694Krachen
0%
4473Kraft
0%
144Kraft
0%
3332Kräfte
0%
3732Kräfte
0%
1013Kranz,
0%
3052Kranz,
0%
4124Kranz
0%
1262Kreise,
0%
3483Krieges
0%
415Krone,
0%
3333kund.
0%
2424Kunst
0%
262Kupfers
0%
993kurz,
0%
1030Laden
0%
1336Laden,
0%
4064Länder
0%
997lang.
0%
2023lange
0%
1923lange
0%
1573lassen
0%
233laßt
0%
131laßt
0%
2830Laßt
0%
460Laßt's
0%
3982Laster
0%
2842Laub
0%
346laut.
0%
633Leben
0%
1132Leben,
0%
1042Lebens
0%
4411Lebens
0%
552Lebens
0%
1053Lebensmai,
0%
2870Ledig
0%
2210Leergebrannt
0%
4441lehre
0%
1271lehret
0%
3212leicht
0%
1081Leidenschaft
0%
4382leihe
0%
4043leihn!
0%
1365Lein,
0%
2634letzten
0%
3993Leu
0%
2863Licht,
0%
4041Lichtes
0%
3092Lichts
0%
1091Liebe
0%
773Liebe
0%
792Liebe
0%
835Liebe!
0%
2803liebeleer.
0%
2365Lieben,
0%
2932lieben
0%
4223liebende
0%
1000Lieblich
0%
3520Lieblich
0%
3050Liegt
0%
4150Loben
0%
4324loben
0%
1004Locken
0%
2564Los.
0%
585Lose,
0%
3955lösen
0%
1723losgelassen
0%
3851Losung
0%
1952Lüfte,
0%
1644Macht,
0%
1493Macht
0%
1514Mächten
0%
4431mächtig
0%
1273Mädchen
0%
621Mädchen
0%
2850Mag
0%
3521malt,
0%
3874man
0%
154man
0%
152Mann
0%
1121Mann
0%
3612Mantel
0%
3080Markt
0%
452Massen
0%
2784mehr,
0%
3953mehr,
0%
1311mehrt
0%
2890Meister
0%
3651Meister
0%
4252Meister
0%
3340Meister
0%
4023Mensch
0%
2323Mensch
0%
2172Mensch
0%
1653Mensch
0%
3253Menschen
0%
363Menschen
0%
175Menschen
0%
1773Menschenhand.
0%
503Metalle
0%
414metallne
0%
4113metallne
0%
4352metallner
0%
954Mildes
0%
4483mir
0%
1501mir
0%
3562mir
0%
901mir
0%
4082mir
0%
492Mischung
0%
2433mißlang?
0%
461mit
0%
3922mit
0%
1472mit
0%
322mit
0%
3932mit
0%
2722mit
0%
4402mit
0%
1511mit
0%
944mit
0%
1063mit
0%
1332mit
0%
680Mit
0%
3691mit
0%
4362mit
0%
1060Mit
0%
4471mit
0%
913mit
0%
2120Mit
0%
3660Mit
0%
1320Mit
0%
1403mit
0%
1933mit
0%
203mit
0%
372mit
0%
1205mit
0%
134mit
0%
1621mit
0%
531mit
0%
4393Mitgefühl,
0%
3470Möge
0%
603Morgen.-
0%
3393Mühe
0%
4353Mund
0%
1474Mund:
0%
2910Munter
0%
3313munterm
0%
1092muß
0%
1170Muß
0%
490Muß
0%
2891muß
0%
1112muß
0%
1122muß
0%
1140Muß
0%
3630Muß
0%
153muß
0%
2180Müßig
0%
2763Mutter
0%
1241Mutter
0%
1972Mütter
0%
2665Mutter,
0%
591Mutterliebe
0%
2723Mutterlust
0%
291nach
0%
2930Nach
0%
2522nach
0%
2300Nach
0%
4281Nachbarin
0%
3152Nacht,
0%
2013Nacht
0%
4203Name
0%
703namenloses
0%
1714Natur.
0%
220Nehmet
0%
4143nette
0%
4053nicht,
0%
3764nicht
0%
3150Nicht
0%
2783nicht
0%
1872nicht
0%
4444nichts
0%
3950Nichts
0%
161nie
0%
3471nie
0%
4262niedern
0%
1382nimmer.
0%
2530Noch
0%
2321noch
0%
350Noch
0%
572noch
0%
3930Noch
0%
1551nun
0%
3560Nun
0%
4340Nur
0%
3841nur
0%
4056nur
0%
820O!
0%
780O!
0%
910Ob
0%
980Ob
0%
4305oben,
0%
2242öden
0%
1943Ofens
0%
805offen,
0%
3713offnem
0%
1292ohn
0%
4392ohne
0%
1731ohne
0%
1813ohne
0%
4425Ohr
0%
364Ohr
0%
1321ordnendem
0%
3191Ordnung,
0%
955paarten,
0%
3934Panthers
0%
854Pfeifen
0%
613pfeilgeschwind.
0%
1151pflanzen
0%
2872Pflicht
0%
1432Pfosten
0%
1960Pfosten
0%
2894plagen.
0%
3974Platz
0%
1504Pracht!
0%
665Prangen,
0%
2080Prasselnd
0%
3394Preis,
0%
971prüfe,
0%
900Prüft
0%
2882Pursch
0%
2051Quellen,
0%
1790Quillt
0%
1944Rachen
0%
1433ragende
0%
2525Rat.
0%
1610Rauchend
0%
3482rauhen
0%
2232rauhes
0%
1444Räume
0%
2095Räume,
0%
1211Räume
0%
3972räumt
0%
231recht
0%
3664rechten
0%
293rechten
0%
3303regen,
0%
1802Regen,
0%
1291reget
0%
4494Reich
0%
4184Reihen,
0%
735Reihn.
0%
483rein
0%
510Rein
0%
1353reinlich
0%
502reinlichen
0%
2130Reißen,
0%
1070Reißt
0%
622reißt
0%
2001rennet,
0%
2002rettet,
0%
995Reu
0%
3240Rief
0%
2150Riesengroß!
0%
2962Rinder
0%
1574rinnen,
0%
3731rohe
0%
1850Rot
0%
3514Röte
0%
571ruhen
0%
1381ruhet
0%
3881ruhge
0%
1470Rühmt
0%
2834ruhn,
0%
361rühren
0%
3341rührt
0%
2504Saat
0%
2721sah
0%
2502Sämann
0%
2532Samen
0%
3100Sammeln
0%
1351sammelt
0%
3513sanfte
0%
3263sanften
0%
2556Särgen
0%
2952Schafe,
0%
1153schaffen,
0%
1666schafft,
0%
515schalle.
0%
3875schallen,
0%
3835schallt
0%
4110Schält
0%
2793schalten
0%
4314Schar,
0%
2694Schar,
0%
2972Scharen
0%
2675Schatten
0%
2754Schattenlande,
0%
1333Schätzen
0%
2264schauen
0%
482Schaume
0%
3924Scherz,
0%
3964Scheu,
0%
1442Scheunen
0%
4381Schicksal
0%
1620Schießt's
0%
4144Schilder
0%
1378Schimmer,
0%
1361schimmernde
0%
563Schlafes
0%
250Schlage
0%
2885schlagen,
0%
411schlägt
0%
151schlechten
0%
1065Schleier
0%
4182schließt
0%
3113schließt
0%
774schmückt.
0%
1364schneeigten
0%
270Schnell
0%
1534schnell.
0%
472schnell
0%
4364schnellen
0%
3065Schnitter
0%
1344schnurrende
0%
1560Schön
0%
2463schon
0%
852schon
0%
2412schön
0%
831schöne
0%
1072schöne
0%
2563schönerm
0%
761Schönste
0%
1043schönste
0%
4322Schöpfer
0%
3785Schoß
0%
2545Schoß
0%
2482schoß
0%
4014Schrecken,
0%
3144schrecket
0%
3542schrecklich
0%
3812schrecklich
0%
4012schrecklichste
0%
1355Schrein
0%
1533schreitet
0%
2913Schritte
0%
3354Schutz.
0%
143schwache
0%
253Schwalch
0%
3010Schwankt
0%
3120Schwarz
0%
2672schwarze
0%
581schwarzen
0%
4284schweben
0%
4523schwebt,
0%
811schwelgt
0%
2590Schwer
0%
3000Schwer
0%
4365Schwingen
0%
3603schwingt,
0%
3600Schwingt
0%
4404Schwunge
0%
1454Segen
0%
2521Segen,
0%
3390Segen
0%
1792Segen,
0%
3192segenreiche
0%
442seh
0%
4090Sehet!
0%
870Sehn
0%
704Sehnen
0%
782Sehnsucht,
0%
4541sei
0%
4350Sei
0%
4242sei
0%
1421sein
0%
4204sein,
0%
235sein,
0%
4303sein
0%
493sein,
0%
884sein.
0%
2503seine
0%
3403seine
0%
2912seine
0%
2183seine
0%
3570Seine
0%
772seine
0%
3803seine
0%
4025seinem
0%
601seinen
0%
721seinen
0%
2310Seiner
0%
3363seiner
0%
204seiner
0%
2364seiner
0%
551seines
0%
3684selbst
0%
4390Selbst
0%
3754selbst
0%
815Seligkeit.
0%
2320Sendet
0%
1202sich
0%
3683sich
0%
2851sich
0%
3114sich
0%
851sich
0%
2892sich
0%
4522sich,
0%
3782sich
0%
3101sich
0%
695sich
0%
3130Sich
0%
920Sich
0%
973sich
0%
4111sich
0%
3342sich
0%
1694sich
0%
2121sich
0%
2823sich
0%
3311sich
0%
3362sich
0%
4221sich
0%
3742sich
0%
952sich
0%
981sich
0%
623sich
0%
3751sich
0%
3960Sich
0%
1471sich
0%
1215sich
0%
3581sich
0%
3893sich,
0%
3142sichern
0%
4491sie
0%
3941sie
0%
2751sie
0%
4373sie
0%
4383sie
0%
4401sie
0%
822sie
0%
2711sie
0%
2113sie
0%
4520Sie
0%
3833sie
0%
3260Sie
0%
2513sie
0%
1691sie
0%
4054sie
0%
1651sie
0%
4050Sie
0%
2141sie
0%
4442sie,
0%
4253sie
0%
2091sie
0%
2701sie
0%
1722sie
0%
4271sie
0%
541sie
0%
2371sieh!
0%
1430Siehet
0%
690Sieht
0%
802sieht
0%
2181sieht
0%
453sind
0%
2740Sind
0%
1322Sinn.
0%
3733sinnlos
0%
3264Sitten
0%
130So
0%
4440So
0%
4270Soll
0%
4201soll
0%
4300Soll
0%
3623soll
0%
2561soll
0%
4132Sonnenglanz,
0%
2781Sorge
0%
593Sorgen
0%
2102Sparren
0%
354späten
0%
1204Speicher
0%
1452Speicher,
0%
2094Speichers
0%
3720Speit
0%
4413Spiel.
0%
2845spielet,
0%
1010Spielt
0%
4130Spielt's
0%
1345Spindel
0%
444springen,
0%
3613springt,
0%
912Spröde
0%
1583Spruch!
0%
2050Sprützen
0%
1704Spur
0%
744Spuren
0%
195spüret,
0%
861Stäbchen
0%
4532Stadt
0%
4062Städt
0%
3463Stadt!
0%
3535Städte
0%
3222Städte
0%
3787Städte
0%
3112Stadttor
0%
2992Ställe
0%
951Starkes
0%
2792Stätte
0%
2222Stätte,
0%
696stehn.
0%
1500Steht
0%
4500Steige,
0%
1911steigt
0%
3364Stelle,
0%
4094Stern
0%
2862Sterne
0%
4294Sternenwelt,
0%
3792still
0%
3491stille
0%
3084stiller,
0%
4302Stimme
0%
514Stimme
0%
381stimmen
0%
624stolz
0%
1473stolzem
0%
1590Stoßt
0%
1822Strahl!
0%
3543strahlt!
0%
4051strahlt
0%
3825Strängen
0%
4475Stranges
0%
1922Straße
0%
3082Straße
0%
1890Straßen
0%
3891Straßen
0%
1143streben
0%
2832strenge
0%
943Strenge
0%
1191strömet
0%
1800Strömt
0%
3634Stücke
0%
4361stündlich
0%
1842Sturm!
0%
2063Sturm
0%
2231Stürme
0%
631stürmt
0%
1961stürzen,
0%
762sucht
0%
2074sucht.
0%
3440Süße
0%
2351süßer
0%
783süßes
0%
3473Tag
0%
355Tagen
0%
1874Tages
0%
2010Taghell
0%
3492Tal
0%
3072Tanz.
0%
2494Tat,
0%
862tauch
0%
4194taufend
0%
3300Tausend
0%
3272teuerste
0%
2655teure,
0%
2375teures
0%
392tief
0%
314tiefer
0%
1980Tiere
0%
4003Tigers
0%
1712Tochter
0%
4432tönend
0%
2600Tönt
0%
724Tränen,
0%
2541trauernd
0%
2623Trauerschläge
0%
1113treiben.
0%
3921treiben
0%
2664treue
0%
2714treuen
0%
2774treues
0%
3282Trieb
0%
232trocken
0%
2352Trost
0%
1991Trümmern,
0%
3373Trutz.
0%
2854tun.
0%
1835Turm?
0%
333Turmes
0%
3461über
0%
872überglast
0%
4261überm
0%
1420Überzählet
0%
2030Um
0%
1342um
0%
3090Um
0%
3903umher,
0%
2423und
0%
2260Und
0%
4104und
0%
1310Und
0%
582und
0%
1152und
0%
1270Und
0%
3920Und
0%
1250Und
0%
4060Und
0%
4360Und
0%
2591und
0%
750Und
0%
2370Und
0%
180Und
0%
1290Und
0%
511und
0%
1280Und
0%
4420Und
0%
1220Und
0%
953und
0%
3980Und
0%
1376und
0%
2550Und
0%
1380Und
0%
660Und
0%
4063und
0%
1172und
0%
2510Und
0%
4330Und
0%
4240Und
0%
3320Und
0%
2110Und
0%
2190Und
0%
3343und
0%
4290Und
0%
1440Und
0%
1350Und
0%
1460Und
0%
1660Und
0%
3270Und
0%
1330Und
0%
3081und
0%
3840Und,
0%
4342und
0%
3110Und
0%
370Und
0%
3060Und
0%
3871und
0%
1370Und
0%
3583und
0%
3900Und
0%
1400Und
0%
1150Und
0%
2960Und
0%
1142und
0%
1450Und
0%
380Und
0%
3213und
0%
3211und
0%
3710Und
0%
1530Und
0%
360Und
0%
1340Und
0%
1194unendliche
0%
1752ungeheuren
0%
3242ungesellgen
0%
1532Unglück
0%
1492Unglücks
0%
2462Unheil
0%
344uns
0%
3411uns
0%
2461uns
0%
132uns
0%
391unten
0%
1990Unter
0%
2192untergehn.
0%
1402Vater
0%
655Vaterhaus,
0%
3284Vaterlande!
0%
155verachten,
0%
3372Verächter
0%
1102verblüht,
0%
3722Verderben
0%
4000Verderblich
0%
4214Vereine
0%
921vereint
0%
4426vergehet,
0%
2425vergilt?
0%
4453verhallt.
0%
402Verhängnis
0%
2824verkühlet,
0%
4220Versammle
0%
682verschämten
0%
185Verstand,
0%
2490Vertrauen
0%
2500Vertraut
0%
2791verwaister
0%
2884Vesper
0%
362vieler
0%
2451vielleicht
0%
2844Vogel
0%
3063Volk
0%
3801Volk,
0%
1742volkbelebten
0%
3753Völker
0%
512voll
0%
165vollbringt.
0%
1834vom
0%
620Vom
0%
1453vom
0%
222vom
0%
501vom
0%
343von
0%
3533von
0%
4304von
0%
3530Von
0%
4120Von
0%
752von
0%
2580Von
0%
3031von
0%
3232von
0%
481von
0%
1410Von
0%
694vor
0%
1212wachsen,
0%
2720Wachsen
0%
1730Wachsend
0%
1930Wächst
0%
2140Wächst
0%
3175wacht.
0%
2782wacht
0%
3012Wagen,
0%
1173wagen,
0%
1814Wahl,
0%
991Wahn
0%
4026Wahn.
0%
1073Wahn
0%
1901wallt
0%
2775Walten,
0%
3983walten
0%
3734walten,
0%
1222waltet
0%
1750Wälzt
0%
4323wandelnd
0%
2334Wanderstabe.
0%
644Wanderstabe.
0%
2631Wandrer
0%
2925Wandrer
0%
683Wangen
0%
4142Wappens
0%
2764war,
0%
182ward
0%
1661was
0%
200Was
0%
1664was
0%
310Was
0%
163was
0%
2340Was
0%
173was
0%
390Was
0%
140Was
0%
2052Wasserwogen.
0%
401wechselnde
0%
4412wechselvolles
0%
3995wecken,
0%
3164wecket,
0%
2635Wege.
0%
2680Wegführt
0%
3780Weh,
0%
4030Weh
0%
3671wehe,
0%
1720Wehe,
0%
2115Wehen
0%
3885Wehr,
0%
1281wehret
0%
3912Weiber
0%
915Weichen
0%
2170Weicht
0%
3585weide
0%
4195weihen,
0%
3450Weilet,
0%
3451weilet
0%
294Weise.
0%
1252weise
0%
3661weiser
0%
440Weiße
0%
423weiterklingt.
0%
1413weitschauendem
0%
1880Welch
0%
642Welt
0%
3672wenn
0%
1650Wenn
0%
3781wenn
0%
3750Wenn
0%
3620Wenn
0%
2430Wenn
0%
1020Wenn
0%
1690Wenn
0%
2440Wenn
0%
1721wenn
0%
972wer
0%
2515werde
0%
3330Werden
0%
3083werden
0%
3911werden
0%
2184Werke
0%
2032Wette
0%
1171wetten
0%
1732Widerstand
0%
1851wie
0%
1481wie
0%
3711wie
0%
2840Wie
0%
1941wie
0%
4421wie
0%
850Wie
0%
670Wie
0%
4091Wie
0%
4310Wie
0%
4131wie
0%
4480Wiegt
0%
634wild
0%
3540Wildem
0%
3243Wilden,
0%
2922wilden
0%
734wilder
0%
2230Wilder
0%
1981wimmern
0%
1832wimmern
0%
1934Windeseile,
0%
2860Winkt
0%
2540Wir
0%
2491wir
0%
2453wir
0%
4191wir
0%
2800Wird
0%
1682wird
0%
371wird
0%
341wird
0%
880Wird's
0%
352wird's
0%
2410Wird's
0%
1141wirken
0%
871wir's
0%
1572wir's
0%
941wo
0%
3480Wo
0%
3500Wo
0%
3730Wo
0%
950Wo
0%
3280Wob,
0%
1464Wogen,
0%
1623Wogen.
0%
450Wohl!
0%
1550Wohl!
0%
3763Wohlfahrt
0%
3592wohlgelungnen
0%
2752wohnt
0%
2250Wohnt
0%
1640Wohtätig
0%
1812Wolke,
0%
1782Wolke
0%
2263Wolken
0%
1362Wolle,
0%
2112wollte
0%
770Womit
0%
4250Wozu
0%
2125Wucht
0%
3404Würde,
0%
3901Würgerbanden
0%
2342Wut
0%
282zähe
0%
2361zählt
0%
4004Zahn,
0%
3935Zähnen,
0%
1592Zapfen
0%
2733zarte
0%
592zarte
0%
781zarte
0%
946Zarten,
0%
2692zarten
0%
4510Zehet,
0%
924Zeichen.
0%
1924Zeile
0%
4375Zeit,
0%
3665Zeit,
0%
794Zeit,
0%
832Zeit
0%
574Zeitenschoße
0%
883zeitig
0%
3655zerbrechen
0%
3561zerbrecht
0%
3940Zerreißen
0%
3802zerreißend
0%
3821zerret
0%
2443zersprang?
0%
3700Zersprengt
0%
345zeugen
0%
2941ziehen
0%
4511ziehet,
0%
3902ziehn
0%
3384Zierde,
0%
176zieret,
0%
272Zinn
0%
1524zu
0%
4212zu
0%
1031zu
0%
382zu
0%
3913zu
0%
3262zu
0%
2562zu
0%
3994zu
0%
1182zu
0%
251zu
0%
3843zu
0%
1231züchtige
0%
681züchtigen,
0%
3931zuckend,
0%
1820Zuckt
0%
4123zum
0%
2520Zum
0%
922zum
0%
3283zum
0%
881zum
0%
3071zum
0%
1372zum
0%
984zum
0%
2333zum
0%
4057zünden
0%
3723zündend
0%
4385Zunge,
0%
3853zur
0%
3884zur
0%
3663zur
0%
3810Zur
0%
4210Zur
0%
2324zurück
0%
2413zutage
0%

Verteilung der Resultate

Perzentil nach korrekt beantworteten Fragen

Anzahl Personen mit jedem Resultat

Ihre Resultats-Entwicklung

Sie haben dieses Quiz noch nicht gespielt